000 00725nam a22001577a 4500
003 OSt
005 20151006144641.0
008 151006b xxu||||| |||| 00| 0 eng d
040 _cRUA
082 _aAVM KEP 2006 B076 Or.1
100 _92176
_aKEP, RATANA.
245 _aEffeciency of antibiotic drugs on escherichia coli in swine staung district kompong thom province, ប្រសិទ្ធភាពរបស់ថ្នាំអង់ទីប៊ីយូទិចទៅលើជម្ងឺអេស្ពីរីស៉្យា កូលីជ្រូក នៅស្រុកស្ទោង ខេត្តកំពង់ធំ
260 _aPhnom Penh
_bRUA
_c2006
300 _a44p.
_bill.
_c29cm.
942 _2ddc
_cAVM
999 _c2047
_d2047